Revista Contemporńea de Contabilidade /

Detalles Bibliográficos
Autor Corporativo: Universidade Federal de Santa Catarina
Formato: Desconocido
Publicado: [s.l]: Universidade Federal de Santa Catarina
Materias:
Acceso en línea:Acceso restringido

MARC

LEADER 00000ny aa2200000n 44500
005 2011051804324.0
008 110504s20009999bl u b i0 0 a por d
022 |a 1807-1821 
035 |a 5415 
040 |a vLex 
090 |c 2110  |d 2110 
245 0 0 |a Revista Contemporńea de Contabilidade /  |c Universidade Federal de Santa Catarina  |h [Recurso electrn̤ico] 
256 |a Servicio en ln̕ea. 
260 |a [s.l]:  |b Universidade Federal de Santa Catarina 
300 |a 1 recurso electrn̤ico 
506 1 |a Contenido solo disponible en los productos indicados  |d vLex Global  |d vLex Global (Academic Edition, excluding Law Schools)  |d vLex Global (U.S. Academic Edition, Law Schools)  |d vLex Global (U.S. Academic Edition, excluding Law Schools)  |d vLex Global (Academic Edition, Law Schools) 
650 0 4 |a contabilidad 
710 2 |a Universidade Federal de Santa Catarina 
740 0 |a vLex Revistas (Servicio en ln̕ea) 
856 |u http://vlex.com/source/revista-contemporanea-contabilidade-5415  |z Acceso restringido 
942 |c REV